| 000 | 00860nam a2200265Ia 4500 | ||
|---|---|---|---|
| 003 | OSt | ||
| 005 | 20220918214625.0 | ||
| 006 | a|||||r|||| 00| 0 | ||
| 007 | ta | ||
| 008 | 220917b |||||||| |||| 00| 0 eng d | ||
| 024 | _a138,368 | ||
| 037 | _cTextual | ||
| 040 |
_aARTS _cARTS _beng |
||
| 041 |
_2eng _aeng |
||
| 082 | _aY:50aX:275p1,N75, L9 (906) | ||
| 110 |
_aUnited Nations/Unepa Expert Group Meeting , 1977 (Istabbul) _9132005 |
||
| 245 | 0 | _aProceedings | |
| 260 |
_aNew York _bUnited Nations _c1979 |
||
| 300 |
_aviii,153p. _ccm. |
||
| 490 | _aDepartment of international economic and social affairs, population studies; 65 | ||
| 650 | _aSOCIOLOGY | ||
| 700 |
_aUnited Nations/Unepa Expert Group Meeting , 1977 (Istabbul) _9132006 |
||
| 942 |
_hY:50aX:275p1,N75, L9 (906) _cTEXL _2CC |
||
| 999 |
_c261419 _d261419 |
||